00823nam a2200277Ia 4500008004100000020001900041100002200060245004200082245006700124260001500191260002000206260000900226300001600235300003300251300001100284440002400295440001100319500006100330650001800391650001300409650004900422650002200471650002200493650002200515700000800537160803s9999 xx 000 0 und d a978-0439559737 aStilton, Geronimo aIt's Halloween, you 'fraidy mouse! /  cGeronimo Stilton ; English translation by Joan L. Giurdanella. aNew York : bScholastic Inc. c2004 a113 pages : b color illustrations, maps ; c20 cm. aGeronimo Stilton ;  vbk. 11 a"With 30 pages of Halloween games and costumes!"--Cover. aHalloween --  aMice --  aStilton, Geronimo (Fictitious character) --  xJuvenile fiction. xJuvenile fiction. xJuvenile fiction. a410